header

Mystery in children's literature (Record no. 179202)

MARC details
000 -LEADER
fixed length control field 01825nam a2200409 a 4500
082 04 - DEWEY DECIMAL CLASSIFICATION NUMBER
Classification number 823/.0872099282
245 00 - TITLE STATEMENT
Title Mystery in children's literature
260 ## - PUBLICATION, DISTRIBUTION, ETC. (IMPRINT)
Place of publication Houndmills, Hampshire, UK ;
-- New York :
Name of publisher Palgrave/St. Martin's Press,
Year of publication 2001.
300 ## - PHYSICAL DESCRIPTION
Number of Pages xiii, 228 p.
650 #0 - SUBJECT ADDED ENTRY--TOPICAL TERM
Topical Term Children's stories, English
Topical Term English fiction
Topical Term American fiction
Topical Term Children's stories, American
Topical Term Detective and mystery stories
Topical Term Children
Topical Term Horror tales
Topical Term Supernatural in literature.
Topical Term Rationalism in literature.
Topical Term Mystery in literature.
700 1# - ADDED ENTRY--PERSONAL NAME
Personal name Gavin, Adrienne E.,
Personal name Routledge, Christopher,
856 40 - ELECTRONIC LOCATION AND ACCESS
Uniform Resource Identifier http://site.ebrary.com/lib/rucke/Doc?id=10044073

No items available.

© 2026 Rongo University
Contact us: librarian | system librarian | Rongo university